01853nam a22002297a 4500040000700000082000800007100003300015245003800048260004700086942000700133999001500140952014200155952014800297952014800445952014800593952014800741952014800889952014801037952014601185952014601331952014601477 cHS a301 aអ៊ិន ផល្លា aសង្គមវិទ្យា aRUAbអ៊ិន​ ផល្លាc2012 cKB c8434d8434 0010406301_000000000000000_អិន_201270948327aLBBbLBBd2016-08-01o301 អ៊ិន 2012pRUA036620r2016-08-01w2016-08-01yKB 0010406301_000000000000000_អិន_2012_C19670948328aLBCbLBCcC196d2016-08-01o301 អ៊ិន 2012 C196pRUA035004r2016-08-01yKB 0010406301_000000000000000_អិន_2012_C07470948329aLBCbLBCcC074d2016-08-01o301 អ៊ិន 2012 C074pRUA037217r2016-08-01yKB 0010406301_000000000000000_អិន_2012_C19670948330aLBCbLBCcC196d2016-08-01o301 អ៊ិន 2012 C196pRUA037444r2016-08-01yKB 0010406301_000000000000000_អិន_2012_C19670948331aLBCbLBCcC196d2016-08-01o301 អ៊ិន 2012 C196pRUA037310r2016-08-01yKB 0010406301_000000000000000_អិន_2012_C19670948332aLBCbLBCcC196d2016-08-01o301 អ៊ិន 2012 C196pRUA037366r2016-08-01yKB 0010406301_000000000000000_អិន_2012_C19670948333aLBCbLBCcC196d2016-08-01o301 អ៊ិន 2012 C196pRUA037186r2016-08-01yKB 0010406301_000000000000000_អិន_2012_C19670948334aLBCbLBCcC196d2016-08-01o301 អ៊ិន 2012 C196pRUA037250r2016-08-01yKB 0010406301_000000000000000_អិន_2012_C19670948335aLBCbLBCcC196d2016-08-01o301 អ៊ិន 2012 C196pRUA037267r2016-08-01yKB 0010406301_000000000000000_អិន_2012_C19670948336aLBCbLBCcC196d2016-08-01o301 អ៊ិន 2012 C196pRUA037327r2016-08-01yKB